|
|
|
|
| LEADER |
01611nam a2200385 i 4500 |
| 001 |
EBC6007465 |
| 003 |
MiAaPQ |
| 005 |
20200305115831.0 |
| 006 |
m o d | |
| 007 |
cr cnu|||||||| |
| 008 |
200305s2020 nju o 001 0 eng d |
| 020 |
|
|
|z 9781119540519
|
| 020 |
|
|
|a 9781119540540 (e-book)
|
| 035 |
|
|
|a (MiAaPQ)EBC6007465
|
| 035 |
|
|
|a (Au-PeEL)EBL6007465
|
| 035 |
|
|
|a (OCoLC)1127058998
|
| 040 |
|
|
|a MiAaPQ
|b eng
|e rda
|e pn
|c MiAaPQ
|d MiAaPQ
|
| 050 |
|
4 |
|a HD58.6
|b .B568 2020
|
| 082 |
0 |
|
|a 658.4052
|2 23
|
| 100 |
1 |
|
|a Blount, Jeb,
|e author.
|
| 245 |
1 |
0 |
|a Inked :
|b the ultimate guide to powerful closing and sales negotiation tactics that unlock yes and seal the deal /
|c Jeb Blount.
|
| 264 |
|
1 |
|a Hoboken, New Jersey :
|b Wiley,
|c [2020]
|
| 264 |
|
4 |
|c 2020
|
| 300 |
|
|
|a 1 online resource (339 pages)
|
| 336 |
|
|
|a text
|b txt
|2 rdacontent
|
| 337 |
|
|
|a computer
|b c
|2 rdamedia
|
| 338 |
|
|
|a online resource
|b cr
|2 rdacarrier
|
| 500 |
|
|
|a Includes index.
|
| 588 |
|
|
|a Description based on print version record.
|
| 590 |
|
|
|a Electronic reproduction. Ann Arbor, MI : ProQuest, 2018. Available via World Wide Web. Access may be limited to ProQuest affiliated libraries.
|
| 650 |
|
0 |
|a Negotiation in business.
|
| 655 |
|
4 |
|a Electronic books.
|
| 776 |
0 |
8 |
|i Print version:
|a Blount, Jeb.
|t Inked : the ultimate guide to powerful closing and sales negotiation tactics that unlock yes and seal the deal.
|d Hoboken, New Jersey : Wiley, c2020
|h 339 pages
|z 9781119540519
|
| 797 |
2 |
|
|a ProQuest (Firm)
|
| 856 |
4 |
0 |
|u https://ebookcentral.proquest.com/lib/matrademy/detail.action?docID=6007465
|z Click to View
|